Cracovie - Culture générale - Statistiques

Statistiques générales
  • Ce quiz a été pris 480 fois
  • Le résultat moyen est 10 sur 15
Statistiques - réponses
Information Réponse % Correct
Pays où se situe la ville Pologne
100%
Capitale et seule plus grande ville du pays Varsovie
93%
Camp de concentration et d'extermination dans la ville voisine de Oświęcim Auschwitz
87%
Pape emblématique du XXème et ancien évêque de Cracovie(et le premier pape non-italien en 5 siècles!) Jean-Paul II
83%
Nom de la ville dans la langue locale Kraków
74%
Astronome polonais partisan de l'héliocentrisme Nicolas Copernic
74%
Selon la légende, le valeureux Dratewka chassa cet animal fantastique de la ville Dragon
70%
Film (1993) (et roman) qui conte la vie d'un industriel nazi qui sauva la vie de 1200 juifs La Liste de Schindler
69%
Réalisateur du Pianiste (2002) ou Tess (1979) qui a échappé au ghetto de Cracovie Roman Polanski
57%
Chaîne de montagne aux pieds de la ville Carpates
56%
Pays alors couplé avec la Pologne qui a eu Cracovie comme capitale Lituanie
55%
Fleuve qui traverse Cracovie Vistule
53%
Église symbole de la ville sur la place du marché Basilique Sainte-{Marie}
48%
Ce qu'est "Planty", qui entoure géographiquement la vieille ville Un parc
38%
Voïvodie (région) dont elle est le chef-lieu {Petite}-Pologne
36%
Aucun quiz correspondant
Distribution des résultats
% des personnes avec chaque résultat
Percentile par nombre de réponses
Votre historique - résultats
Vous n’avez pas pris ce quiz